Macaulay's history of England
Đã lưu trong:
| Príomhúdar: | |
|---|---|
| Formáid: | Leabhar |
| Teanga: | Undetermined |
| Foilsithe: |
New York
London J. M. Dent & Sons
1960
|
| Ábhair: | |
| Clibeanna: |
Cuir Clib Leis
Gan Chlibeanna, Bí ar an gcéad duine leis an taifead seo a chlibeáil!
|
| Thư viện lưu trữ: | Trung tâm Học liệu Trường Đại học Cần Thơ |
|---|
| LEADER | 00531nam a2200205Ia 4500 | ||
|---|---|---|---|
| 001 | CTU_82514 | ||
| 008 | 210402s9999 xx 000 0 und d | ||
| 082 | |a 942 | ||
| 082 | |b J56/Vol.3 | ||
| 100 | |a Jerrold, Douglas | ||
| 245 | 0 | |a Macaulay's history of England | |
| 245 | 0 | |c Douglas Jerrold | |
| 260 | |a New York | ||
| 260 | |b London J. M. Dent & Sons | ||
| 260 | |c 1960 | ||
| 650 | |a England | ||
| 650 | |x History | ||
| 904 | |i Tuyến, QHieu | ||
| 910 | |a Tuyen | ||
| 980 | |a Trung tâm Học liệu Trường Đại học Cần Thơ | ||